治皮病6要與抗癌11對策 / (Record no. 7635)
[ view plain ]
| 000 -LEADER | |
|---|---|
| fixed length control field | 00909cam a2200301 4500 |
| 001 - CONTROL NUMBER | |
| control field | 2504318 |
| 003 - CONTROL NUMBER IDENTIFIER | |
| control field | YEEZEN |
| 005 - DATE AND TIME OF LATEST TRANSACTION | |
| control field | 20250225135925.0 |
| 008 - FIXED-LENGTH DATA ELEMENTS--GENERAL INFORMATION | |
| fixed length control field | 240821s2023 ch acdhe 000 0 chi d |
| 020 ## - INTERNATIONAL STANDARD BOOK NUMBER | |
| International Standard Book Number | 9786269715770 |
| Qualifying information | (平裝) : |
| Terms of availability | 新臺幣500元 |
| 040 ## - CATALOGING SOURCE | |
| Original cataloging agency | SAN |
| Language of cataloging | chi |
| Transcribing agency | 桃市圖 |
| Description conventions | CCR |
| 041 0# - LANGUAGE CODE | |
| Language code of text/sound track or separate title | chi |
| 042 ## - AUTHENTICATION CODE | |
| Authentication code | nbic |
| 084 ## - OTHER CLASSIFICATION NUMBER | |
| Classification number | 415.7 |
| Number source | ncsclt |
| 090 ## - LOCALLY ASSIGNED LC-TYPE CALL NUMBER (OCLC); LOCAL CALL NUMBER (RLIN) | |
| Classification number (OCLC) (R) ; Classification number, CALL (RLIN) (NR) | 415.7 |
| 100 1# - MAIN ENTRY--PERSONAL NAME | |
| Personal name | 官裕宗 |
| Relator term | 編著 |
| 245 10 - TITLE STATEMENT | |
| Title | 治皮病6要與抗癌11對策 / |
| Statement of responsibility, etc. | 官裕宗編著 |
| 250 ## - EDITION STATEMENT | |
| Edition statement | 初版 |
| 260 ## - PUBLICATION, DISTRIBUTION, ETC. | |
| Place of publication, distribution, etc. | 新北市淡水區 : |
| Name of publisher, distributor, etc. | 元氣齋, |
| Date of publication, distribution, etc. | 2023.12 |
| 300 ## - PHYSICAL DESCRIPTION | |
| Extent | 367面 : |
| Other physical details | 彩圖, 彩像, 影抄, 表格 ; |
| Dimensions | 21公分 |
| 490 0# - SERIES STATEMENT | |
| Series statement | 醫林叢話系列 ; |
| Volume/sequential designation | 7. |
| 490 0# - SERIES STATEMENT | |
| Series statement | 官裕宗醫師真心話 ; |
| Volume/sequential designation | 2. |
| 500 ## - GENERAL NOTE | |
| General note | 附錄: 1. 官裕宗醫生的抗癌緣 ; 2. 大陸旅遊有感 |
| 650 #7 - SUBJECT ADDED ENTRY--TOPICAL TERM | |
| Topical term or geographic name entry element | 皮膚科 |
| Source of heading or term | lcstt. |
| 650 #7 - SUBJECT ADDED ENTRY--TOPICAL TERM | |
| Topical term or geographic name entry element | 癌症 |
| Source of heading or term | lcstt. |
| 650 #7 - SUBJECT ADDED ENTRY--TOPICAL TERM | |
| Topical term or geographic name entry element | 治療學 |
| Source of heading or term | lcstt. |
| 942 ## - ADDED ENTRY ELEMENTS (KOHA) | |
| Source of classification or shelving scheme | 中文圖書分類法 |
| Koha item type | 一般圖書 |
| 撤銷狀態 | 遺失狀態 | 分類號來源 | 損壞狀態 | 不外借 | 永久館藏地 | 現在館藏地 | 書架位置 | 採購日期 | 全部借出 | 全部續借 | 完整索書號 | 條碼號 | 最後一次日期記錄 | Date last checked out | 一般價格有效日期 | Koha館藏類型 | 公開資訊 |
|---|---|---|---|---|---|---|---|---|---|---|---|---|---|---|---|---|---|
| 未註銷館藏 | 未遺失 | 中文圖書分類法 | 未損毀 | 可外借 | 怡仁綜合醫院圖書館 | 怡仁綜合醫院圖書館 | 2025-02-25 | 5 | 3 | 415.7 | C03219 | 2026-01-23 | 2026-01-22 | 2025-02-25 | 一般圖書 | 本書列舉很多作者五十年的診治經驗,可供年輕醫師參考;也附加了很多醫藥小百科,可增加一般讀者或病人對皮膚病的認識,進而瞭解治療與護理之道,才不致弄巧成拙。 |